El nuevo periodismo / (Record no. 68877)

MARC details
000 -LEADER
campo de control de longitud fija 00893nam a2200277 i 4500
001 - NÚMERO DE CONTROL
campo de control 68877
003 - IDENTIFICADOR DE NÚMERO DE CONTROL
campo de control ES-MaACL
005 - FECHA Y HORA DE LA ÚLTIMA TRANSACCIÓN
campo de control 20250626063142.0
007 - CAMPO FIJO DE DESCRIPCIÓN FÍSICA--INFORMACIÓN GENERAL
campo de control de longitud fija t|
008 - DATOS DE LONGITUD FIJA--INFORMACIÓN GENERAL
campo de control de longitud fija 040715s2000 sp |||| | spa d
020 ## - NÚMERO INTERNACIONAL ESTÁNDAR DEL LIBRO
Número Internacional Estándar del Libro 84-339-1202-X
080 ## - NÚMERO DE LA CLASIFICACIÓN DECIMAL UNIVERSAL
Número de la Clasificación Decimal Universal 070(73)"19"
080 ## - NÚMERO DE LA CLASIFICACIÓN DECIMAL UNIVERSAL
Número de la Clasificación Decimal Universal 820(73)-43"19"(082.2)
100 0# - ENTRADA PRINCIPAL--NOMBRE DE PERSONA
Nombre de persona Wolfe, Tom,
Fechas asociadas al nombre 1931-
9 (RLIN) 117247
245 13 - MENCIÓN DEL TÍTULO
Título El nuevo periodismo /
Mención de responsabilidad, etc. Tom Wolfe ; traducción de José Luis Guarner.
260 ## - PUBLICACIÓN, DISTRIBUCIÓN, ETC.
Lugar de publicación, distribución, etc. Barcelona :
Nombre del editor, distribuidor, etc. Anagrama,
Fecha de publicación, distribución, etc. [2000]
300 ## - DESCRIPCIÓN FÍSICA
Extensión 214 p ;
Dimensiones 20 cm.
490 1# - MENCIÓN DE SERIE
Mención de serie Contraseñas ;
Designación de volumen o secuencia 2
505 8# - NOTA DE CONTENIDO CON FORMATO
Nota de contenido con formato Contiene: ;
Título Antología del nuevo periodismo
650 #4 - PUNTO DE ACCESO ADICIONAL DE MATERIA--TÉRMINO DE MATERIA
Término de materia o nombre geográfico como elemento de entrada Periodismo-
Subdivisión geográfica Estados Unidos.
9 (RLIN) 15947
650 14 - PUNTO DE ACCESO ADICIONAL DE MATERIA--TÉRMINO DE MATERIA
Término de materia o nombre geográfico como elemento de entrada Artículos periodísticos-
Subdivisión geográfica Estados Unidos.
9 (RLIN) 149456
740 0# - ENTRADA AGREGADA--TÍTULO RELACIONADO/ANALÍTICO NO CONTROLADO
Título relacionado o analítico no controlado Antología del nuevo periodismo.
830 0# - PUNTO DE ACCESO ADICIONAL DE SERIE-TÍTULO UNIFORME
Título uniforme Contraseñas ;
Designación de volumen o secuencia 2
9 (RLIN) 179727
852 ## - LOCALIZACIÓN
Ubicación ES-MaACL
Número de control de estantería L-28093
Sublocalización o colección R.134075
Holdings
Estatus retirado Estado de pérdida Estado de daño No para préstamo Biblioteca de origen Biblioteca actual Ubicación en estantería Fecha de adquisición Fuente de adquisición Total de préstamos Signatura topográfica completa Código de barras Visto por última vez Precio de reemplazo Tipo de ítem Koha
        Biblioteca del Ateneo de Madrid Biblioteca del Ateneo de Madrid Depósito 2 17/01/2008     L-28093 1072125 23/02/2023 23/02/2023 Libro impreso